|
|
|
|
| LEADER |
01478nam a2200361 a 4500 |
| 001 |
EBC836206 |
| 003 |
MiAaPQ |
| 005 |
20200520144314.0 |
| 006 |
m o d | |
| 007 |
cr cn||||||||| |
| 008 |
120214s2011 ne sb 001 0 eng d |
| 010 |
|
|
|z 2011938833
|
| 020 |
|
|
|z 9781607508342
|
| 020 |
|
|
|a 9781607508359 (electronic bk.)
|
| 035 |
|
|
|a (MiAaPQ)EBC836206
|
| 035 |
|
|
|a (Au-PeEL)EBL836206
|
| 035 |
|
|
|a (CaPaEBR)ebr10524247
|
| 035 |
|
|
|a (CaONFJC)MIL343299
|
| 035 |
|
|
|a (OCoLC)772635860
|
| 040 |
|
|
|a MiAaPQ
|c MiAaPQ
|d MiAaPQ
|
| 050 |
|
4 |
|a HG176.7
|b .N49 2011
|
| 245 |
0 |
0 |
|a New trends in financial engineering
|h [electronic resource] :
|b works under the auspices of the world class university program of Ajou University /
|c edited by Hyeng Keun Koo.
|
| 260 |
|
|
|a Amsterdam ;
|a Washington, D.C. :
|b IOS Press,
|c c2011.
|
| 300 |
|
|
|a xi, 151 p.
|
| 490 |
1 |
|
|a Studies in probability, optimization, and statistics,
|x 0928-3986 ;
|v v. 4
|
| 504 |
|
|
|a Includes bibliographical references and index.
|
| 533 |
|
|
|a Electronic reproduction. Ann Arbor, MI : ProQuest, 2015. Available via World Wide Web. Access may be limited to ProQuest affiliated libraries.
|
| 650 |
|
0 |
|a Financial engineering.
|
| 655 |
|
4 |
|a Electronic books.
|
| 700 |
1 |
|
|a Koo, Hyeng Keun.
|
| 710 |
2 |
|
|a ProQuest (Firm)
|
| 830 |
|
0 |
|a Studies in probability, optimization, and statistics ;
|v v. 4.
|
| 856 |
4 |
0 |
|u https://ebookcentral.proquest.com/lib/matrademy/detail.action?docID=836206
|z Click to View
|